header

Psychotherapy and science (Record no. 89046)

MARC details
000 -LEADER
fixed length control field 01516nam a2200373 a 4500
082 04 - DEWEY DECIMAL CLASSIFICATION NUMBER
Classification number 16.89/14/01
100 1# - MAIN ENTRY--AUTHOR NAME
Personal name Langs, Robert,
245 10 - TITLE STATEMENT
Title Psychotherapy and science
260 ## - PUBLICATION, DISTRIBUTION, ETC. (IMPRINT)
Place of publication London ;
-- Thousand Oaks, Calif. :
Name of publisher SAGE Publications,
Year of publication 1999.
300 ## - PHYSICAL DESCRIPTION
Number of Pages 202 p.
490 1# - SERIES STATEMENT
Series statement Perspectives on psychotherapy
505 0# - FORMATTED CONTENTS NOTE
Formatted contents note pt. 1. Preparing the way to science -- pt. 2. Model-making -- pt. 3. A formal science for psychotherapy -- pt. 4. Joining forces with other sciences.
650 #0 - SUBJECT ADDED ENTRY--TOPICAL TERM
Topical Term Psychotherapy
Topical Term Science
856 40 - ELECTRONIC LOCATION AND ACCESS
Uniform Resource Identifier http://site.ebrary.com/lib/rucke/Doc?id=10392802

No items available.

© 2026 Rongo University
Contact us: librarian | system librarian | Rongo university